| 000 | 00930nam a22002897a 4500 | ||
|---|---|---|---|
| 003 | CHAP | ||
| 005 | 20220329140516.0 | ||
| 008 | 971013s1982 r 00010 d | ||
| 010 | _a53057 | ||
| 011 | _a54029 | ||
| 035 | _a58179 | ||
| 040 | _cCHAP | ||
| 090 | _aFolleto 7745 | ||
| 100 | 0 | 0 |
_aRoss, D. J. _9100174 |
| 245 | _aSoils of the Sandy Creek Experimental Catchment, Stapylton, South-east Queensland | ||
| 260 |
_aMelbourne : _bCommonwealth Scientific and Industrial Research Organization, _c1982 |
||
| 300 | _a32 p. | ||
| 590 |
_aBATCH-UPD _b10 _c20130110 _lUCH01 _h0827 |
||
| 590 |
_aBATCH-UPD _b10 _c20130410 _lUCH01 _h0505 |
||
| 590 |
_aBATCH-UPD _b10 _c20130914 _lUCH01 _h2037 |
||
| 590 |
_aCONVERSION _b10 _c20130109 _lUCH01 _h1329 |
||
| 650 | 1 | 4 |
_aSuelos _xAustralia. _9110211 |
| 650 | 1 | 4 |
_aSuelos _xClasificación. _9110239 |
| 901 | _aBK | ||
| 942 | _cFOLL | ||
| 949 |
_aFolleto 7745 _bBC _cFOLL _d-126373 _eTS1 _i58179 _si |
||
| 999 |
_c53057 _d53057 |
||